000 00940nam a2200217Ia 4500
999 _c9374
_d9374
005 20230917084150.0
008 230912s9999 xx 000 0 und d
020 _a84-8086-252-1
040 _aUPAN
_cBiblioteca San Vicente
_eRCAA2
041 _aspa
082 _a003
_bW558a
_c2003
100 _aWhitten, Jeffrey.
_4aut.
245 0 _aAnálisis y diseño de sistemas de información/
_bJeffrey L. Whitten, Lonnie D. Bentley, Victor M.Barlow
250 _a3° ed.
260 _aColombia:
_bMcGraw Hill,
_c2003
300 _a907 p.;
_c23 cm.
505 _aParte promera:Fundamentos del desarrollo de sistemas Parte segunda: Planificación de sistemas y análisis de sistemas Parte tercera: Diseño de sistemas Parte cuarta: Implantación de sistemas y soporte de sistemas Parte quinta: Actividades cruzadas del ciclo de vida.
650 _2LEMB
_xSistemas de información
700 _aBentley, Lonnie D.
_4aut.
942 _cBK
_2ddc